Подробности
| 000 -МАРКЕР |
| контрольное поле |
01936nam0a2200385 4500 |
| 001 - ИДЕНТИФИКАТОР ЗАПИСИ |
| контрольное поле |
RU\NLR\bibl\834323 |
| 005 - ИДЕНТИФИКАТОР ВЕРСИИ |
| контрольное поле |
20260407095021.0 |
| 010 ## - МЕЖДУНАРОДНЫЙ СТАНДАРТНЫЙ НОМЕР КНИГИ (ISBN) |
| Номер (ISBN) |
5-9669-0034-5 |
| Тираж |
100 |
| 021 ## - НОМЕР ГОСУДАРСТВЕННОЙ РЕГИСТРАЦИИ |
| Код страны |
Российская Федерация |
| Номер |
2005-41639 |
| Номер Листа государственной регистраци |
2064 |
| 035 ## - ДРУГИЕ СИСТЕМНЫЕ НОМЕРА |
| Идентификатор записи |
(NLR Aleph) 000823174 |
| 100 ## - ДАННЫЕ ОБЩЕЙ ОБРАБОТКИ |
| Данные общей обработки |
20050825d2005 |||y0rusy50 ca |
| 101 0# - ЯЗЫК РЕСУРСА |
| Язык текста, звукозаписи и т.д. |
русский |
| 102 ## - СТРАНА ПУБЛИКАЦИИ ИЛИ ПРОИЗВОДСТВА |
| Страна публикации |
Российская Федерация |
| 105 ## - ПОЛЕ КОДИРОВАННЫХ ДАННЫХ: ТЕКСТОВЫЕ МАТЕРИАЛЫ, МОНОГРАФИЧЕСКИЕ |
| Кодированные данные о монографическом текстовом документе |
a ||||||||| |
| 200 1# - ЗАГЛАВИЕ И СВЕДЕНИЯ ОБ ОТВЕТСТВЕННОСТИ |
| Основное заглавие |
Детерминация эффективной экономики |
| Первые сведения об ответственности |
[А.В. Дьяченко, д.э.н., В.В. Антоненко, к.э.н., О.Е. Ежова, к.э.н. и др.] |
| Последующие сведения об ответственности |
под ред. д.э.н. А.В. Дьяченко |
| -- |
М-во образования и науки Рос. Федерации, Волгогр. гос. ун-т |
| 210 ## - ПУБЛИКАЦИЯ, РАСПРОСТРАНЕНИЕ И ДР. |
| Место издания, распространения и т.д. |
Волгоград |
| Имя издателя, распространителя и т. д. |
Изд-во Волгоградского государственного университета |
| Дата издания, распространения и т.д. |
2005 |
| 215 ## - ФИЗИЧЕСКАЯ ХАРАКТЕРИСТИКА |
| Специфическое обозначение материала и объем |
288, [1] с. |
| Другие сведения о физической характеристике |
ил. |
| Размеры |
22 |
| 300 ## - ОБЩИЕ ПРИМЕЧАНИЯ |
| Текст примечания |
Авт. указаны на обороте тит.л. |
| 300 ## - ОБЩИЕ ПРИМЕЧАНИЯ |
| Текст примечания |
На 1-й с.: К 25-летию Волгогр. гос. ун-та |
| 320 ## - ПРИМЕЧАНИЯ О НАЛИЧИИ В ДОКУМЕНТЕ БИБЛИОГРАФИИ / УКАЗАТЕЛЯ |
| Текст примечания |
Библиогр. в прим. в конце тем |
| 606 1# - НАИМЕНОВАНИЕ ТЕМЫ КАК ПРЕДМЕТ |
| Наименование темы |
Общественное производство |
| Тематический подзаголовок |
Эффективность |
| Системный номер авторитетной/нормативной записи |
2157511 |
| Идентификатор авторитетной/нормативной записи |
RU\NLR\auth\661298717 |
| 686 ## - ИНДЕКСЫ ДРУГИХ КЛАССИФИКАЦИЙ |
| Индекс |
У9(2)-96-07(2Р) |
| 701 #1 - ИМЯ ЛИЦА - АЛЬТЕРНАТИВНАЯ ОТВЕТСТВЕННОСТЬ |
| Начальный элемент ввода |
Дьяченко |
| Часть имени, кроме начального элемента ввода |
А. В. |
| Расширение инициалов личного имени |
Александр Васильевич |
| Код отношения |
Автор |
| 701 #1 - ИМЯ ЛИЦА - АЛЬТЕРНАТИВНАЯ ОТВЕТСТВЕННОСТЬ |
| Код отношения |
Автор |
| Материалы, к которым относится поле |
rus |
| Графика поля |
Кириллица |
| Начальный элемент ввода |
Антоненко |
| Часть имени, кроме начального элемента ввода |
В.В |
| Дополнения к именам, кроме дат |
канд. экон. наук |
| Расширение инициалов личного имени |
Вероника Владимировна |
| Идентификатор авторитетной/нормативной записи |
RU\NLR\auth\7728270 |
| Системный номер авторитетной/нормативной записи |
11301 |
| 701 #1 - ИМЯ ЛИЦА - АЛЬТЕРНАТИВНАЯ ОТВЕТСТВЕННОСТЬ |
| Начальный элемент ввода |
Ежова |
| Часть имени, кроме начального элемента ввода |
О. Е. |
| Расширение инициалов личного имени |
Оксана Евгеньевна |
| Код отношения |
Автор |
| 712 02 - НАИМЕНОВАНИЕ ОРГАНИЗАЦИИ - ВТОРИЧНАЯ ОТВЕТСТВЕННОСТЬ |
| Код отношения |
Прочие |
| Начальный элемент ввода |
Волгоградский государственный университет |
| Идентификатор авторитетной/нормативной записи |
RU\NLR\AUTH\889921739 |
| Системный номер авторитетной/нормативной записи |
339574 |
| 801 #0 - ИСТОЧНИК ЗАПИСИ |
| Страна |
Российская Федерация |
| Организация |
NLR |
| Дата составления |
20050825 |
| Правила каталогизации |
rcr |
| 801 #1 - ИСТОЧНИК ЗАПИСИ |
| Страна |
Российская Федерация |
| Организация |
NLR |
| Дата составления |
20050825 |
| 830 ## - ОБЩЕЕ ПРИМЕЧАНИЕ, СОСТАВЛЕННОЕ КАТАЛОГИЗАТОРОМ |
| Текст примечания |
2 авт. по эк |
| 942 ## - ДОПОЛНИТЕЛЬНЫЕ ЭЛЕМЕНТЫ ЗАПИСИ (АБИС) |
| Тип экземпляра АБИС |
Книга |
| 980 ## - КОЛЛЕКЦИЯ |
| Название коллекции |
Национальная библиография |
| 980 ## - КОЛЛЕКЦИЯ |
| Название коллекции |
НБР |